Papyrus of Ani : the Egyptian Book of the Dead ; British Museum EA 10470 /

محفوظ في:

مؤلفون آخرون: Budge, E. A. Wallis Sir, 1857-1934., Ares, Nacho., Hawass, Zahi A.

التنسيق: كتاب

اللغة: English

منشور في: [Place of publication not identified] : CARTEM, 2020.

الموضوعات:

الوسوم: إضافة وسم

لا توجد وسوم, كن أول من يضع وسما على هذه التسجيلة!

رقم الطلب: PJ1555 .E5 B73 2020

LEADER 01803nam a22003137a 4500
005 20260202080606.0
008 020226t2020 sp a b 001 0 eng d
020 |a 9788494832222 
040 |c ARCE Library 
050 1 4 |a PJ1555 .E5  |b B73 2020 
245 0 0 |a Papyrus of Ani :   |b the Egyptian Book of the Dead ; British Museum EA 10470 /   |c E.A. Wallis Budge, Nacho Ares, Zahi Hawass. 
246 3 0 |a Egyptian Book of the Dead. 
246 3 0 |a Book of the Dead. 
260 |a [Place of publication not identified] :   |b CARTEM,   |c 2020. 
300 |a 539 pages :   |b color illustrations ;   |c 31 cm. 
504 |a Includes bibliographical references and index. 
505 0 |a Introduction / Zahi Hawass -- Presentation / Nacho Ares -- The Egyptian book of the dead / E.A. Wallis Budge -- Preface -- Introduction: The recensions of the Book of the dead -- The legend of Osiris -- Appendix I- Hymn to Osyris -- II.- Osiris and his principal forms under the XVIIIth dynasty -- The doctrine of eternal life -- Egyptian ideas about God and the "Gods" -- Appendix. List of the God whose names were recited by the deceased to perfect his spirit-soul -- The abode of the blessed -- The gods of the book of the dead -- The principal geographical and mythological places in the book of the dead -- Funeral ceremonies -- The papyrus of ani, its date and continents -- Translation. 
650 0 |a Book of the dead. 
650 0 |a Papyrus of Ani. 
650 0 |a Egyptian language   |v Papyri. 
650 0 |a Incantations, Egyptian. 
650 0 |a Egyptians   |x Funeral customs and rites. 
650 0 |a Manuscripts (Papyri) 
651 0 |a Egypt   |x Religion. 
700 1 |a Budge, E. A. Wallis   |q (Ernest Alfred Wallis),   |c Sir,   |d 1857-1934. 
700 1 |a Ares, Nacho. 
700 1 |a Hawass, Zahi A. 
942 |2 lcc  |c BK 
999 |c 48868  |d 48868